000 00894aam a2200325 i 4500
001 768714001
003 CO-MdFUSB
005 20250515170546.0
007 ta
008 250515t1978 sp ||||| |||| 00| 0 spa d
020 _a84-7293-046-7
040 _cCO-MdFUSB
041 0 _aspa
082 0 4 _223
_a248.11
_bV572u
100 1 _aVerwer, Jorge
_eautor
240 _aA revolution of love and balance
245 1 0 _aUna revolución de amor y equilibrio
_c/ Jorge Verwer
264 1 _bPortavoz,
_aCamilias, Barcelona, España :
_c[1978]
264 4 _c©1978
300 _a107 páginas
336 _atexto
_btxt
_2rdacontent
337 _2rdamedia
_asin mediación
_bn
338 _2rdacarrier
_avolumen
_bnc
500 _a
563 _aRústico
650 1 7 _aLiderazgo cristiano
_2embne
_97271
942 _cBK
945 _aElías Tolentino
999 _c35644
_d35644